| 000 | 00511nam a2200217Ia 4500 | ||
|---|---|---|---|
| 005 | 20250425161854.0 | ||
| 008 | 250425s9999 xx 000 0 und d | ||
| 020 | _a9978410872 | ||
| 041 | _aspa | ||
| 082 | _a864.69866 | ||
| 100 | _aADOUM, JORGE ENRIQUE | ||
| 245 | 0 | _aMIRANDO A TODAS PARTES | |
| 250 | _a1A ED. | ||
| 260 |
_aEcuador _bSEIX BARRAL _c1999 |
||
| 260 | _aQUITO | ||
| 300 | _a305 | ||
| 650 | _aENSAYOS LITERARIOS | ||
| 650 | _aLITERATURA ECUATORIANA | ||
| 942 | _c01 | ||
| 010 | _a33233 | ||
| 999 |
_c217866 _d217866 |
||